Loading...

Pongamia /

Bibliographic Details
Main Author: Reddy ,. Y.V.R.et al
Format: Printed Book
Language:English
Published: Udaipur : Agrotech Publishing Academy, 2007.
LEADER 00552nam a2200169Ia 4500
008 150624b xxu||||| |||| 00| 0 eng d
020 |a 8183210708 
020 |a 8183210708 
082 |a 581.6 
100 |a Reddy ,. Y.V.R.et al. 
245 |a Pongamia /  |c Y.V.R.et al. Reddy 
260 |a Udaipur :  |b Agrotech Publishing Academy,  |c 2007. 
300 |a 104 
505 |a 1. Utility of Pongamia tree 
942 |c BK 
999 |c 58455  |d 58455 
952 |0 0  |1 0  |4 0  |6 581_600000000000000_RED_P  |7 0  |9 58433  |a UL  |b UL  |c ST1  |d 2012-10-27  |l 0  |o 581.6 RED/P  |p 84026  |r 2012-10-27  |w 2012-10-27  |y BK